000 01467nam a2200373Ia 4500
003 GCL
005 20240530105048.0
008 140319s9999 xx 000 0 ara d
040 _aGCL /
_cGCL
082 0 4 _a953
_bأ م
100 1 _aاحمد شلبى
245 1 0 _aموسوعة التاريخ الاسلامى و الحضارة الاسلامية ( مج 8 ) :
_bالاسلام والدول الاسلامية غير العربية باسيا /
_cاحمد شلبى
250 _aالثالثة
260 _aالقاهرة :
_bمكتبة النهضة المصرية ،
_c1993
300 _a651 ص ؛
_c24 سم
650 0 4 _aالاسلام والمجتمع
650 0 4 _aالاسلام والعلم
650 0 4 _aالتاريخ الاسلامى
650 0 4 _aالفقه الاسلامى
650 0 4 _aالاسلام - تاريخ
650 0 4 _aالحياة الاجتماعية
650 0 4 _aالحياة الثقافية
650 0 4 _aنظم الحكم
650 0 4 _aالحضارة الاسلامية
650 0 4 _aالاسلام والسياسة
650 0 4 _aالاقليات
650 0 4 _aايران - تاريخ اسلامى
650 0 4 _aافغانستان - تاريخ اسلامى
650 0 4 _aباكستان - تاريخ اسلامى
650 0 4 _aبنجلاديش - تاريخ اسلامى
650 0 4 _aماليزيا - تاريخ اسلامى
650 0 4 _aاندونسيا - تاريخ اسلامى
942 _2ddc
_cBK
999 _c52858
_d52858